Loading...
| Literature - World | 0 | 3 | 0 | 1 | 30 | 126 | 147.00 | 0 | 0 | 1.69 | 6.86 |
| Science - Physics | 0 | 3 | 0 | 1 | 30 | 111 | 121.00 | 0 | 0 | 2.43 | 9.09 |
| Literature - European | 0 | 3 | 1 | 1 | 25 | 146 | 152.00 | 0 | 0 | 0.10 | 5.56 |
| History - Other | 1 | 1 | 0 | 1 | 25 | 77 | 112.50 | 0 | 1 | 3.80 | 6.56 |
| Science - Biology | 0 | 2 | 0 | 0 | 20 | 128 | 130.50 | 0 | 1 | 0.40 | 6.67 |
| Science - Chemistry | 0 | 2 | 0 | 0 | 20 | 99 | 111.00 | 1 | 1 | 3.18 | 9.34 |
| Fine Arts - Classical Music and Opera | 0 | 2 | 0 | 1 | 20 | 126 | 143.50 | 0 | 0 | 1.05 | 5.33 |
| Fine Arts - Painting and Sculpture | 0 | 2 | 0 | 0 | 20 | 136 | 137.50 | 0 | 0 | 1.82 | 5.77 |
| Fine Arts - Other Arts | 0 | 2 | 0 | 0 | 20 | 140 | 146.00 | 0 | 0 | 0.90 | 7.56 |
| Literature - British | 0 | 3 | 2 | 0 | 20 | 105 | 121.00 | 0 | 0 | 4.97 | 11.54 |
| Religion | 0 | 2 | 1 | 0 | 15 | 125 | 125.50 | 0 | 0 | 2.54 | 10.26 |
| Mythology | 0 | 2 | 1 | 1 | 15 | 146 | 152.00 | 0 | 0 | 2.01 | 7.86 |
| History - American | 0 | 1 | 0 | 0 | 10 | 130 | 130.00 | 0 | 0 | 1.36 | 2.56 |
| Literature - American | 0 | 2 | 2 | 0 | 10 | 141 | 145.50 | 0 | 1 | 1.77 | 6.93 |
| Other Culture | 0 | 1 | 0 | 0 | 10 | 111 | 111.00 | 0 | 0 | 7.64 | 22.22 |
| Other Academic | 0 | 0 | 0 | 0 | 0 | 0.00 | 0 | 0 | 0.00 | 0.00 | |
| History - World | 0 | 0 | 1 | 0 | -5 | 0.00 | 0 | 0 | 0.00 | 0.00 | |
| History - European | 0 | 0 | 1 | 0 | -5 | 0.00 | 0 | 0 | 0.00 | 0.00 |